| 000 | 00583nam a2200145Ia 4500 | ||
|---|---|---|---|
| 008 | 140724s9999 xx 000 0 und d | ||
| 050 |
_aRA 394.9 _b.P644 2008 |
||
| 100 | _aPimentel, Ann Quincy. | ||
| 245 |
_aRelationship between areas of emotional intelligence in clinical performance of third year nursing students of Southville International School and Colleges / _cAnn Quincy Pimentel. |
||
| 260 |
_aLas PiƱas, Philippines : _bSouthville International School and Colleges, _cc2008. |
||
| 300 |
_a87 p. : _bill. ; _c28 cm. |
||
| 521 | _aNursing | ||
| 942 | _cTH | ||
| 999 |
_c228698 _d228698 |
||